000
00211 a2200097 4500
001
34463
100
_a
Lyle Sandy
245
_a
Learning Goldf
260
_a
NY
_b
Harper and Row Pub
_c
1986
090
_c
22752
_d
22752
942
_a
NUST-CAE
_c
M
_c
14172
999
_c
269536
_d
269536